[Event "Michigan Class B"]
[Site "Grand Rapids, MI"]
[Date "2001.01.14"]
[Round "4"]
[White "Nicolli, Randy"]
[Black "McCarter, Robert"]
[Result "1-0"]
[WhiteElo "1704"]
[BlackElo "1605"]
[PlyCount "67"]
[EventDate "2001.01.13"]

1. f4 d5 2. Nf3 Nf6 3. e3 Bg4 4. Be2 Nbd7 5. O-O e6 6. d3 Bc5 7. Qe1 c6 8. Nc3
b5 9. Bd2 Qc7 10. Kh1 Bd6 11. h3 Bxf3 12. Bxf3 O-O-O 13. a4 b4 14. Ne2 a5 15.
c3 e5 16. cxb4 e4 17. dxe4 dxe4 18. Bg4 Nxg4 19. hxg4 Nf6 20. g5 Ng4 21. Ng1
Bxb4 22. Bxb4 axb4 23. Qe2 h5 24. Rfd1 Qb6 25. a5 Qxe3 26. Qa6+ Kc7 27. Nh3
Rxd1+ 28. Rxd1 Rb8 29. Qc4 Rf8 30. Qxb4 Qg3 31. Qe7+ Kb8 32. Qxf8+ Ka7 33. Qc5+
Kb7 34. Qb6+ 1-0

[Event "Michigan Class B"]
[Site "Grand Rapids, MI"]
[Date "2001.01.14"]
[Round "4"]
[White "Jones, Gary"]
[Black "Blaine, Roger"]
[Result "1-0"]
[WhiteElo "1746"]
[BlackElo "1700"]
[PlyCount "85"]
[EventDate "2001.01.13"]

1. e4 e6 2. d4 d5 3. e5 c5 4. c3 Nc6 5. Nf3 Qb6 6. Bd3 Bd7 7. dxc5 Bxc5 8. O-O
f6 9. b4 Be7 10. Be3 Qc7 11. exf6 Nxf6 12. Na3 a6 13. Re1 O-O 14. Nc2 e5 15. b5
axb5 16. Bxb5 Bd6 17. Nd2 e4 18. Nf1 Be5 19. Bd4 Nxd4 20. cxd4 Bxh2+ 21. Nxh2
Bxb5 22. Ne3 Ba4 23. Qb1 Bc6 24. Rc1 Qf4 25. Qb2 Nh5 26. Neg4 Ra5 27. Ne3 Rb5
28. Qe2 Nf6 29. Rc3 Ra8 30. Nhf1 Ra4 31. Ng3 Rab4 32. a4 Rxa4 33. Rac1 Rba5 34.
Ngf5 Ra2 35. Qe1 Ng4 36. Nxg4 Qxf5 37. Rg3 Kf8 38. Qb4+ Ke8 39. Qd6 Qd7 40.
Qb8+ Qd8 41. Nf6+ Ke7 42. Rxg7+ Kxf6 43. Qe5# 1-0

[Event "Michigan Class C"]
[Site "Grand Rapids, MI"]
[Date "2001.01.14"]
[Round "5"]
[White "Johnson, Donta"]
[Black "George, Bruce"]
[Result "1-0"]
[WhiteElo "1589"]
[BlackElo "1512"]
[PlyCount "73"]
[EventDate "2001.01.13"]

1. e4 c5 2. Nf3 Nc6 3. d4 cxd4 4. Nxd4 d6 5. Nc3 a6 6. Bc4 Na5 7. Be2 g6 8. Be3
Bg7 9. Qd2 Nf6 10. O-O-O Bd7 11. f3 b5 12. b3 Rc8 13. Bd3 O-O 14. Nd5 Nc6 15.
Nxc6 Bxc6 16. Bh6 Nxd5 17. Bxg7 Kxg7 18. exd5 Bxd5 19. Rhe1 e6 20. Kb1 Qc7 21.
Rc1 Bb7 22. c4 bxc4 23. Bxc4 Qd7 24. Qa5 Rc5 25. Qa3 Rfc8 26. Rcd1 Qc6 27. Qb2+
e5 28. f4 f6 29. fxe5 dxe5 30. Rd2 Re8 31. Red1 Re7 32. Rd8 Qxg2 33. Qc1 Be4+
34. Ka1 g5 35. Rg1 Qc2 36. Rxg5+ fxg5 37. Qxg5+ 1-0

[Event "Michigan Class C"]
[Site "Grand Rapids, MI"]
[Date "2001.01.14"]
[Round "5"]
[White "Jensen, David"]
[Black "Holden, Anthony"]
[Result "0-1"]
[WhiteElo "1445"]
[BlackElo "1459"]
[PlyCount "73"]
[EventDate "2001.01.13"]

1. d4 d5 2. c4 c5 3. dxc5 e6 4. Nc3 d4 5. Ne4 Na6 6. Nf3 Nxc5 7. Nxc5 Bxc5 8.
a3 a5 9. g3 f6 10. Bg2 a4 11. O-O Ne7 12. Bd2 Bd7 13. Qe1 Ra6 14. Rb1 Rd6 15.
Bb4 b6 16. Nd2 f5 17. Nf3 Ng6 18. Rd1 e5 19. e3 d3 20. Qc3 Qe7 21. Ne1 e4 22.
Bxc5 bxc5 23. Bh3 O-O 24. Ng2 Rb8 25. Nf4 Rb3 26. Qd2 Nxf4 27. gxf4 Rdb6 28.
Rb1 Be6 29. Rfc1 Qb7 30. Bf1 Rxb2 31. Rxb2 Rxb2 32. Qd1 Rb3 33. Bg2 Rxa3 34.
Rb1 Rb3 35. Ra1 Qb4 36. Rc1 Bxc4 37. Qh5 0-1

[Event "Michigan Masters/Experts"]
[Site "Grand Rapids, MI"]
[Date "2001.01.14"]
[Round "4"]
[White "Jarosz, Stan"]
[Black "Williams, Ron"]
[Result "1-0"]
[WhiteElo "2061"]
[BlackElo "2016"]
[PlyCount "85"]
[EventDate "2001.01.13"]

1. d4 Nf6 2. c4 Nc6 3. Nf3 e6 4. Nc3 Bb4 5. Bg5 h6 6. Bh4 g5 7. Bg3 Ne4 8. Qc2
d5 9. e3 f5 10. Ne5 Qf6 11. Nxc6 Bxc3+ 12. bxc3 Nxg3 13. hxg3 bxc6 14. f4 O-O
15. c5 Qg6 16. Rb1 a5 17. a4 Kg7 18. Bd3 gxf4 19. gxf4 Qg3+ 20. Qf2 Qxf2+ 21.
Kxf2 Ba6 22. Bxa6 Rxa6 23. Rh4 Raa8 24. g4 Rab8 25. Rg1 fxg4 26. Rhxg4+ Kh8 27.
Rg6 Kh7 28. Rg7+ Kh8 29. R7g6 Kh7 30. Rxe6 Rg8 31. Rxg8 Rxg8 32. Rxc6 Rg7 33.
Ra6 h5 34. Rxa5 c6 35. Ra8 h4 36. Rb8 h3 37. Rb1 Ra7 38. Ra1 Kg6 39. Kf3 Kf5
40. Rh1 Rxa4 41. Rxh3 Ra3 42. Rh6 Ra6 43. c4 1-0

[Event "Michigan Class C"]
[Site "Grand Rapids, MI"]
[Date "2001.01.14"]
[Round "5"]
[White "Hogue, William"]
[Black "Schell, Ken"]
[Result "1-0"]
[WhiteElo "1410"]
[BlackElo "1587"]
[PlyCount "107"]
[EventDate "2001.01.13"]

1. e4 c5 2. Nf3 e6 3. d4 cxd4 4. Nxd4 Nf6 5. Bd3 Nc6 6. c3 e5 7. Nxc6 dxc6 8.
O-O Be7 9. Qe2 O-O 10. h3 Be6 11. Bg5 Qb6 12. b3 Rfd8 13. Nd2 Rac8 14. Bc4 c5
15. Bxe6 Qxe6 16. c4 h6 17. Bxf6 Bxf6 18. Rad1 Rd6 19. Nb1 Rd4 20. Nc3 Rcd8 21.
Nd5 Rd7 22. Rd3 Rxd3 23. Qxd3 Bd8 24. Rd1 Bg5 25. Qe2 Rd8 26. Nc3 a6 27. Rxd8+
Bxd8 28. Qd3 Bg5 29. Na4 Qe7 30. Qd5 Qd8 31. Qxd8+ Bxd8 32. Nxc5 b5 33. Nxa6
bxc4 34. bxc4 Kf8 35. Kf1 Ke7 36. Ke2 Kd6 37. Kd3 Bb6 38. f3 Kc6 39. Nb4+ Kc5
40. Nd5 Bd8 41. Ne3 h5 42. Nf1 Ba5 43. a3 f6 44. Ng3 g6 45. Ne2 h4 46. Nc1 Bd8
47. Nb3+ Kc6 48. a4 g5 49. Kc3 Be7 50. a5 Bd8 51. Kb4 Be7+ 52. c5 Bf8 53. a6
Be7 54. Na5+ 1-0

[Event "Michigan Class A"]
[Site "Grand Rapids, MI"]
[Date "2001.01.14"]
[Round "4"]
[White "Ho, Randy"]
[Black "Williams, Ken"]
[Result "1-0"]
[WhiteElo "1865"]
[BlackElo "1847"]
[PlyCount "95"]
[EventDate "2001.01.13"]

1. e4 c5 2. Nc3 Nc6 3. f4 g6 4. Nf3 Bg7 5. Bb5 e6 6. Bxc6 bxc6 7. d3 d5 8. e5
h5 9. O-O Nh6 10. Ne2 h4 11. b3 Nf5 12. c4 Rb8 13. Nc3 Bf8 14. Re1 Be7 15. Na4
O-O 16. Bb2 Bd7 17. Kh1 Qa5 18. Bc3 Qa6 19. Qe2 Nd4 20. Nxd4 cxd4 21. Bxd4 Qa5
22. Qf2 Ra8 23. Bc5 Bxc5 24. Qxc5 Qxc5 25. Nxc5 Rad8 26. g3 hxg3 27. hxg3 Bc8
28. Rad1 a5 29. a4 Kg7 30. Kg2 Rh8 31. b4 axb4 32. a5 Rde8 33. a6 Re7 34. Ra1
Ra7 35. Reb1 Bd7 36. Rxb4 Rha8 37. Raa4 Bc8 38. Rb6 Rc7 39. Kh3 Kh7 40. Kg4 Kh6
41. Ra1 Kg7 42. Kf3 Kh6 43. Rh1+ Kg7 44. g4 Bd7 45. g5 Bc8 46. Rb2 Bxa6 47.
Rbh2 Raa7 48. Rh8 1-0

[Event "Michigan Class A"]
[Site "Grand Rapids, MI"]
[Date "2001.01.14"]
[Round "4"]
[White "Evans Sr., Thomas"]
[Black "Skidmore, Mike"]
[Result "1-0"]
[WhiteElo "1823"]
[BlackElo "1831"]
[PlyCount "120"]
[EventDate "2001.01.13"]

1. e4 c6 2. Nf3 d5 3. exd5 cxd5 4. Bb5+ Nc6 5. d4 Bg4 6. Qd3 Bxf3 7. Bxc6+ bxc6
8. Qxf3 Nf6 9. Nd2 e6 10. Nb3 Be7 11. O-O O-O 12. Be3 Ne4 13. Qh3 a5 14. Rab1
Qb6 15. f3 Nd6 16. a4 Nc4 17. f4 Rfe8 18. Nc5 Rad8 19. Nd3 Nd6 20. Ne5 Nf5 21.
c3 c5 22. dxc5 Bxc5 23. Bxc5 Qxc5+ 24. Kh1 Nd6 25. b4 Qc7 26. b5 Ne4 27. Nc6
Rc8 28. Rbd1 Qb6 29. Qf3 Nc5 30. f5 Qb7 31. f6 gxf6 32. Qxf6 Ne4 33. Qh4 f5 34.
Rd3 Qg7 35. Rff3 Kh8 36. Rg3 Qf6 37. Qxf6+ Nxf6 38. Ne5 Re7 39. Nc6 Rec7 40.
Kg1 Ne4 41. Rgf3 Nc5 42. Rde3 Ne4 43. h3 Kg7 44. Rf4 Kf6 45. Rf1 e5 46. Rd3 Ke6
47. Rfd1 Nf6 48. c4 d4 49. Re1 Ne4 50. g4 Rg8 51. Kh2 Rcg7 52. gxf5+ Kxf5 53.
Rf3+ Ke6 54. Re2 Rg5 55. Nxd4+ Kd6 56. Nb3 Ng3 57. Rd2+ Ke6 58. Nc5+ Ke7 59. h4
Rg4 60. Kh3 Nh5 1-0

[Event "Michigan Class B"]
[Site "Grand Rapids, MI"]
[Date "2001.01.14"]
[Round "4"]
[White "Dunlap, Robert"]
[Black "DeFrayne, Don"]
[Result "0-1"]
[WhiteElo "1601"]
[BlackElo "1678"]
[PlyCount "52"]
[EventDate "2001.01.13"]

1. e4 c6 2. d4 d5 3. e5 c5 4. dxc5 Bf5 5. c4 e6 6. Nc3 d4 7. Nb5 Bxc5 8. Nf3
Nc6 9. Bf4 a6 10. Nd6+ Bxd6 11. exd6 e5 12. Nxe5 Nxe5 13. Bxe5 Qa5+ 14. Qd2
Qxe5+ 15. Be2 d3 16. O-O dxe2 17. Rfe1 O-O-O 18. c5 Nf6 19. Rxe2 Qd5 20. Qa5
Rxd6 21. Rae1 Re6 22. Rxe6 Bxe6 23. Qb6 Nd7 24. Qa5 Rd8 25. Rc1 Qxa2 26. Qb4
Ne5 0-1

[Event "Michigan Class B"]
[Site "Grand Rapids, MI"]
[Date "2001.01.14"]
[Round "4"]
[White "Blanchard, Robert"]
[Black "Jointer, William"]
[Result "0-1"]
[WhiteElo "1714"]
[BlackElo "1612"]
[PlyCount "70"]
[EventDate "2001.01.13"]

1. e4 c5 2. c3 Nc6 3. d4 cxd4 4. cxd4 g6 5. Be3 Bg7 6. Qd2 Nf6 7. Nc3 O-O 8.
Bh6 Qb6 9. Bxg7 Kxg7 10. Nf3 d6 11. h3 Bd7 12. Be2 Rac8 13. O-O Qa5 14. Rac1 a6
15. Rfe1 b5 16. e5 Ne8 17. a3 b4 18. Nb1 f6 19. exd6 Nxd6 20. d5 Ne5 21. Nxe5
fxe5 22. axb4 Qb6 23. Qg5 Qxf2+ 24. Kh2 Rxc1 25. Qxe5+ Kg8 26. Rxc1 Qf4+ 27.
Qxf4 Rxf4 28. Bxa6 Rxb4 29. Rc7 Bf5 30. Nd2 Rxb2 31. Nf3 Be4 32. Kg3 Bxd5 33.
Ne1 Bc4 34. Kf4 Rf2+ 35. Nf3 Bxa6 0-1

[Event "Michigan Class A"]
[Site "Grand Rapids, MI"]
[Date "2001.01.14"]
[Round "4"]
[White "Bailey, Greg"]
[Black "Aldrich, Jeff"]
[Result "0-1"]
[WhiteElo "1908"]
[BlackElo "1900"]
[PlyCount "90"]
[EventDate "2001.01.13"]

1. d4 d5 2. c4 c6 3. Nf3 Nf6 4. Nc3 e6 5. Bg5 dxc4 6. e3 b5 7. a4 Bb4 8. axb5
cxb5 9. Be2 Bb7 10. O-O a6 11. Ne5 Qb6 12. Bh5 Rf8 13. Bxf6 gxf6 14. Nxf7 Rxf7
15. Qg4 Kf8 16. Bxf7 Kxf7 17. Ne2 Nd7 18. Qh5+ Kg7 19. Nf4 Rg8 20. g3 Qc6 21.
f3 e5 22. d5 Qb6 23. Qg4+ Kh8 24. Ng6+ Rxg6 25. Qxd7 Rg8 26. Kh1 Bc8 27. Qc6
Qxc6 28. dxc6 Rd8 29. Rfd1 Rd6 30. Rxd6 Bxd6 31. Rd1 Be7 32. Kg2 Kg7 33. Kf2
Kf7 34. Ke2 Bh3 35. Ra1 c3 36. b3 Bb4 37. Rd1 Ke7 38. e4 Bc5 39. Rd5 Bb6 40. b4
Be6 41. Rd1 Bc4+ 42. Ke1 Bd4 43. Rc1 Kd6 44. Kd1 Bb3+ 45. Ke2 c2 0-1

[Event "Michigan Class B"]
[Site "Grand Rapids, MI"]
[Date "2001.01.14"]
[Round "5"]
[White "Anderson, Gale"]
[Black "Mellas, Jim"]
[Result "1-0"]
[WhiteElo "1600"]
[BlackElo "1610"]
[PlyCount "89"]
[EventDate "2001.01.13"]

1. d4 Nf6 2. c4 e6 3. Nc3 Bb4 4. a3 Bxc3+ 5. bxc3 b6 6. e3 Bb7 7. Qc2 d6 8. Bb2
c5 9. Nf3 Nbd7 10. Be2 Qc7 11. Rc1 h6 12. O-O O-O 13. Nd2 Rad8 14. f3 d5 15.
Rfe1 Qc6 16. Bf1 Rfe8 17. a4 Ba6 18. cxd5 Qb7 19. dxe6 Rxe6 20. e4 Bxf1 21.
Kxf1 Qc7 22. g3 Nh5 23. e5 c4 24. Qd1 g6 25. Ba3 a6 26. Rb1 Qc6 27. Kf2 b5 28.
a5 Ng7 29. Qc1 f5 30. Re2 Rde8 31. Nf1 g5 32. Qc2 g4 33. Re3 h5 34. Rd1 Qd5 35.
Nd2 Nf6 36. Rde1 Nh7 37. f4 Rh6 38. Nf1 Ree6 39. Kg1 h4 40. Qg2 Qxg2+ 41. Kxg2
hxg3 42. Nxg3 Rh3 43. R1e2 Ng5 44. d5 Reh6 45. fxg5 1-0

[Event "Michigan Class B"]
[Site "Grand Rapids, MI"]
[Date "2001.01.14"]
[Round "4"]
[White "Aldrich, Justin"]
[Black "Williams, Duane"]
[Result "1/2-1/2"]
[WhiteElo "1637"]
[BlackElo "1681"]
[PlyCount "168"]
[EventDate "2001.01.13"]

1. e4 c5 2. Nf3 d6 3. Bb5+ Bd7 4. Bxd7+ Nxd7 5. O-O Ngf6 6. Re1 e5 7. d3 Be7 8.
Nc3 h6 9. h3 a6 10. Nh2 b5 11. a3 b4 12. axb4 cxb4 13. Ne2 O-O 14. Ng3 Kh7 15.
Nf5 g6 16. Nxh6 Kg7 17. N2g4 Rh8 18. Qf3 Qe8 19. Qe3 Nxg4 20. hxg4 Qd8 21. g5
Nf8 22. f4 Ne6 23. g3 d5 24. Qf2 Bc5 25. Be3 Bxe3 26. Rxe3 exf4 27. gxf4 Nxg5
28. Nf5+ gxf5 29. fxg5 Rh5 30. exf5 Rxg5+ 31. Rg3 Qf6 32. Qg2 Qd4+ 33. Kf1 Qf4+
34. Rf3 Rxg2 35. Rxf4 Rh2 36. Kg1 Rxc2 37. Rxb4 Rd2 38. Rd4 Rxb2 39. Rxd5 Rd2
40. Kf1 Kf6 41. Kg1 a5 42. Raxa5 Rxa5 43. Rxa5 Rxd3 44. Kf2 Rh3 45. Kg2 Rh5 46.
Kg3 Rxf5 47. Ra7 Kg5 48. Ra8 f6 49. Rg8+ Kh6 50. Rh8+ Kg7 51. Ra8 Re5 52. Kf4
Re7 53. Kf5 Re5+ 54. Kf4 Kg6 55. Rg8+ Kf7 56. Ra8 Re1 57. Ra7+ Kg6 58. Ra6 Rf1+
59. Kg4 Re1 60. Kf4 Rc1 61. Rb6 Rc4+ 62. Kf3 Kg5 63. Rb8 Rc3+ 64. Kf2 f5 65.
Rg8+ Kf4 66. Rf8 Rc2+ 67. Kf1 Ke4 68. Re8+ Kf3 69. Ke1 f4 70. Rg8 Ra2 71. Rf8
Ra1+ 72. Kd2 Kg3 73. Ke2 Ra2+ 74. Kf1 Kf3 75. Ke1 Re2+ 76. Kf1 Re4 77. Rf7 Rb4
78. Ke1 Rb1+ 79. Kd2 Kg3 80. Ke2 Rb2+ 81. Kf1 f3 82. Rg7+ Kh2 83. Rh7+ Kg3 84.
Rg7+ Kh2 1/2-1/2

[Event "Michigan Class A"]
[Site "Grand Rapids, MI"]
[Date "2001.01.14"]
[Round "5"]
[White "Aldrich, Jeff"]
[Black "Herndon, Robert"]
[Result "0-1"]
[WhiteElo "1900"]
[BlackElo "1817"]
[PlyCount "56"]
[EventDate "2001.01.13"]

1. d4 Nf6 2. c4 e6 3. Nc3 d5 4. Bg5 Be7 5. Nf3 h6 6. Bxf6 Bxf6 7. e3 O-O 8. Qc2
c5 9. Rd1 Qa5 10. Be2 dxc4 11. Bxc4 cxd4 12. Nxd4 Bxd4 13. exd4 Nc6 14. O-O Rd8
15. Qe4 Bd7 16. d5 exd5 17. Rxd5 Qb6 18. Rb5 Qd4 19. Rxb7 Qxe4 20. Nxe4 Na5 21.
Bd5 Nxb7 22. Bxb7 Rab8 23. Nc5 Bc8 24. Bxc8 Rdxc8 25. Na4 Rc4 26. b3 Rc2 27.
Ra1 Re8 28. b4 Rxa2 0-1

[Event "Son of Quadzilla!.1"]
[Site "Flint, MI"]
[Date "2001.01.27"]
[Round "2"]
[White "Yufa, Leonid"]
[Black "Aldrich, Jeff"]
[Result "0-1"]
[WhiteElo "1673"]
[BlackElo "1900"]
[PlyCount "106"]
[EventDate "2001.01.27"]

1. e4 c6 2. d4 d5 3. Nc3 dxe4 4. Nxe4 Nd7 5. Nf3 Ngf6 6. Ng3 e6 7. Bc4 Be7 8.
O-O O-O 9. Re1 Nb6 10. Bd3 c5 11. c3 Nbd5 12. a3 Qc7 13. Bd2 b6 14. Ne2 Bd6 15.
c4 Ne7 16. Bg5 Ng4 17. Ng3 h6 18. Bxe7 Bxe7 19. h3 Nf6 20. Ne4 Bb7 21. Qe2 Rad8
22. dxc5 bxc5 23. b4 Nxe4 24. Bxe4 Bxe4 25. Qxe4 cxb4 26. axb4 Bxb4 27. Reb1 a5
28. Ne5 Bc3 29. Nc6 Rc8 30. Ra3 Qxc6 31. Qxc6 Rxc6 32. Rxc3 Ra8 33. Ra1 Kf8 34.
Kf1 Ke7 35. Ke2 Kd6 36. Ke3 Kc5 37. Rb1 a4 38. Rb5+ Kd6 39. Kd4 a3 40. c5+ Kc7
41. Rc1 a2 42. Ra1 Ra4+ 43. Kc3 Rca6 44. Kb2 Kc6 45. Rb8 Kxc5 46. Rc8+ Kd5 47.
Rd1+ Ke5 48. Ka1 R4a5 49. Rc7 Ra7 50. Rc2 Kf5 51. Rcd2 f6 52. Rd3 e5 53. Rf3+
Ke6 $138 0-1

[Event "Son of Quadzilla!.1"]
[Site "Flint, MI"]
[Date "2001.01.27"]
[Round "1"]
[White "Aldrich, Jeff"]
[Black "Vandivier, Don"]
[Result "1-0"]
[WhiteElo "1900"]
[BlackElo "1816"]
[PlyCount "63"]
[EventDate "2001.01.27"]

1. d4 g6 2. c4 Bg7 3. Nf3 c5 4. d5 d6 5. e4 Nf6 6. Nc3 O-O 7. Be2 Bd7 8. O-O
Na6 9. Kh1 Nc7 10. a4 a6 11. Qc2 Nfe8 12. a5 f5 13. Re1 fxe4 14. Nxe4 e6 15.
Bg5 Qb8 16. Qd2 exd5 17. cxd5 Bb5 18. Be7 Rf5 19. Nxd6 Rxd5 20. Qf4 Nxd6 21.
Bxd6 Rxd6 22. Qxd6 Bxb2 23. Rab1 Bc3 24. Bxb5 Nxb5 25. Qd5+ Kh8 26. Re7 Qg8 27.
Qxc5 Rc8 28. Qe3 Nd6 29. Nd4 Qd5 30. Qh3 h5 31. Ne2 Bxa5 32. Qd7 1-0

[Event "Son of Quadzilla!.1"]
[Site "Flint, MI"]
[Date "2001.01.27"]
[Round "3"]
[White "Aldrich, Jeff"]
[Black "Kriseler, Mark"]
[Result "1/2-1/2"]
[WhiteElo "1900"]
[BlackElo "1985"]
[PlyCount "32"]
[EventDate "2001.01.27"]

1. d4 e6 2. c4 b6 3. Nc3 Bb4 4. Qc2 Bb7 5. a3 Bxc3+ 6. Qxc3 Nf6 7. Bg5 h6 8.
Bxf6 Qxf6 9. Nf3 g5 10. h3 c5 11. O-O-O Bxf3 12. Qxf3 Qxf3 13. exf3 cxd4 14.
Rxd4 Nc6 15. Rd1 Rc8 16. b3 Ke7 1/2-1/2

[Event "Michigan Children's K-5"]
[Site "East Grand Rapids, MI"]
[Date "2001.03.17"]
[Round "5"]
[White "Thorn, Steven"]
[Black "Gurski, Erin"]
[Result "0-1"]
[WhiteElo "706"]
[BlackElo "645"]
[PlyCount "64"]
[EventDate "2001.03.17"]

1. e4 e5 2. Nf3 Nc6 3. Nc3 Bc5 4. Bc4 Nf6 5. Ng5 O-O 6. O-O d6 7. Bxf7+ Rxf7 8.
Nxf7 Kxf7 9. d3 Be6 10. Bg5 Qd7 11. Ne2 d5 12. exd5 Nxd5 13. Ng3 Bd4 14. c3 Bc5
15. b4 Bb6 16. c4 Nf4 17. b5 Nd4 18. Re1 h6 19. Bxf4 exf4 20. Ne2 f3 21. Nxd4
Bxd4 22. Rc1 Qd6 23. Qxf3+ Kg8 24. Rc2 Rf8 25. Qxb7 Bxf2+ 26. Rxf2 Qc5 27. Ref1
g5 28. d4 Qxd4 29. g3 Bh3 30. Qd5+ Qxd5 31. Rxf8+ Kg7 32. R1f5 Qg2# 0-1

[Event "Michigan Children's K-5"]
[Site "East Grand Rapids, MI"]
[Date "2001.03.17"]
[Round "3"]
[White "Lowing, David"]
[Black "Gurski, Erin"]
[Result "0-1"]
[WhiteElo "974"]
[BlackElo "645"]
[PlyCount "108"]
[EventDate "2001.03.17"]

1. e3 e5 2. a4 d5 3. c3 Nc6 4. e4 dxe4 5. Bc4 Be6 6. Bxe6 fxe6 7. d4 exd4 8.
cxd4 Qxd4 9. Qh5+ g6 10. Qe2 O-O-O 11. Be3 Qd5 12. Nc3 Qd6 13. Nb5 Qd5 14. Rd1
Qxd1+ 15. Qxd1 Rxd1+ 16. Kxd1 a6 17. Na7+ Nxa7 18. Bxa7 b6 19. a5 Kb7 20. Nh3
Kxa7 21. Ng5 Nf6 22. axb6+ cxb6 23. Nxe6 Ng4 24. h3 Nxf2+ 25. Ke1 Nxh1 26. Kf1
Ng3+ 27. Kf2 Nf5 28. Ng5 Bc5+ 29. Ke2 Rd8 30. Nxe4 Re8 31. Kd3 Rd8+ 32. Ke2 Rd4
33. Nd2 Ng3+ 34. Ke3 Rd5+ 35. Kf4 Rxd2 36. Kxg3 Rd4 37. h4 a5 38. Kh3 Bd6 39.
b3 h6 40. g3 g5 41. hxg5 hxg5 42. g4 Rd3+ 43. Kg2 Rxb3 44. Kf2 a4 45. Ke2 a3
46. Kd2 a2 47. Kc2 a1=Q 48. Kxb3 Qd4 49. Kc2 Qe3 50. Kd1 Qf2 51. Kc1 Qe2 52.
Kb1 Qd2 53. Ka1 Be5+ 54. Kb1 Qb2# 0-1

[Event "Michigan Children's K-5"]
[Site "East Grand Rapids, MI"]
[Date "2001.03.17"]
[Round "4"]
[White "Gurski, Erin"]
[Black "Nicholls, Thomas"]
[Result "0-1"]
[WhiteElo "645"]
[BlackElo "796"]
[PlyCount "46"]
[EventDate "2001.03.17"]

1. e4 c5 2. Nf3 d6 3. Bc4 Nf6 4. Ng5 e6 5. O-O h6 6. Nf3 d5 7. exd5 exd5 8.
Bb5+ Bd7 9. Bxd7+ Nbxd7 10. d3 Bd6 11. Nc3 O-O 12. Be3 d4 13. Bf4 Bxf4 14. Ne2
Bd6 15. c3 Ne5 16. Nxe5 Bxe5 17. f4 Ng4 18. fxe5 Qh4 19. Rf4 Qxh2+ 20. Kf1 Ne3+
21. Kf2 Nxd1+ 22. Kf3 Ne3 23. g3 Qg2# 0-1

[Event "Michigan Children's K-5"]
[Site "East Grand Rapids, MI"]
[Date "2001.03.17"]
[Round "1"]
[White "Greene, Janelle"]
[Black "Gurski, Erin"]
[Result "1-0"]
[WhiteElo "956"]
[BlackElo "645"]
[PlyCount "114"]
[EventDate "2001.03.17"]

1. e4 e5 2. f4 exf4 3. Nf3 Nf6 4. Nc3 Bc5 5. Bc4 d6 6. d3 Bg4 7. Bxf4 O-O 8. h3
Bh5 9. g4 Bg6 10. Nh4 Nc6 11. Nxg6 hxg6 12. Bg5 Qe7 13. Qf3 Qe5 14. h4 Rfd8 15.
O-O-O Rd7 16. Bxf6 Qxf6 17. Qg3 Re8 18. Rdf1 Qe5 19. Qf3 Bb4 20. Bxf7+ Kf8 21.
Be6+ Qf6 22. Qxf6+ gxf6 23. Rxf6+ Ke7 24. Nd5+ Kd8 25. Bxd7 Kxd7 26. Rxg6 Rf8
27. h5 Nd8 28. Nxb4 c6 29. h6 Nf7 30. d4 c5 31. dxc5 dxc5 32. Rd1+ Ke7 33. Nd5+
Kd7 34. Rg7 Ke8 35. Nc7+ Ke7 36. g5 Rh8 37. h7 Kf8 38. Ne6+ Ke7 39. Rg8 Kxe6
40. Rxh8 Nxh8 41. Rd8 Ng6 42. h8=Q Nxh8 43. Rxh8 Kf7 44. Rh1 Kg6 45. Rg1 b5 46.
Kd2 a5 47. Ke3 a4 48. Kf4 c4 49. Ke5 b4 50. Kd5 b3 51. axb3 axb3 52. cxb3 cxb3
53. Kd6 Kh7 54. e5 Kg8 55. Ke7 Kg7 56. e6 Kg6 57. Kd6 Kg7 1-0

[Event "Michigan Young Junior Reserve K-8 U800"]
[Site "East Grand Rapids, MI"]
[Date "2001.03.18"]
[Round "5"]
[White "Rogers, Steven"]
[Black "Gurski, Erin"]
[Result "1/2-1/2"]
[WhiteElo "773"]
[BlackElo "645"]
[PlyCount "138"]
[EventDate "2001.03.18"]

1. e4 e5 2. Nc3 Nf6 3. Nf3 Nc6 4. d3 Bc5 5. Bg5 d6 6. Bxf6 Qxf6 7. g3 O-O 8.
Bg2 Bg4 9. O-O Rfe8 10. Nd5 Qd8 11. h3 Bh5 12. g4 Bg6 13. c3 f6 14. a4 Bf7 15.
b4 Bb6 16. a5 Bxd5 17. exd5 e4 18. dxc6 exf3 19. axb6 fxg2 20. bxa7 gxf1=Q+ 21.
Kxf1 bxc6 22. Qb3+ Kf8 23. Qc4 Qd7 24. Ra6 d5 25. Qc5+ Qd6 26. Rxc6 Qxc5 27.
Rxc5 Rxa7 28. Rxd5 Ra1+ 29. Kg2 Re2 30. c4 Raa2 31. Rf5 Red2 32. c5 Rxd3 33. b5
Rb3 34. c6 Rc3 35. g5 Rb2 36. gxf6 gxf6 37. Rxf6+ Ke7 38. Rh6 Rbc2 39. Rxh7+
Kf6 40. Rh6+ Kf5 41. Rh5+ Kg6 42. b6 cxb6 43. c7 Rxc7 44. Rh4 Kg5 45. Kg3 Rf7
46. f4+ Kf5 47. Rh5+ Ke4 48. Re5+ Kd4 49. Kg4 Rg2+ 50. Kf3 Rb2 51. Re4+ Kd5 52.
Re5+ Kd6 53. Ke4 b5 54. f5 Rf6 55. Rd5+ Ke7 56. Ke5 b4 57. h4 b3 58. Rb5 Rb1
59. Rb7+ Kd8 60. Kxf6 Kc8 61. Rxb3 Rxb3 62. Kg5 Rb7 63. h5 Kd8 64. Kg6 Ke8 65.
h6 Kf8 66. h7 Rxh7 67. Kxh7 Kf7 68. Kh6 Kf6 69. Kh5 Kxf5 1/2-1/2

[Event "Michigan Young Junior Reserve K-8 U800"]
[Site "East Grand Rapids, MI"]
[Date "2001.03.18"]
[Round "4"]
[White "Gurski, Erin"]
[Black "Waite, Mackenzie"]
[Result "1-0"]
[WhiteElo "645"]
[BlackElo "596"]
[PlyCount "35"]
[EventDate "2001.03.18"]

1. e4 e5 2. Nf3 Nf6 3. Nxe5 Nxe4 4. Qe2 Nf6 5. Nc6+ Qe7 6. Nxe7 Bxe7 7. d4 d6
8. Bg5 Bg4 9. Qe3 Nd5 10. Qe4 c6 11. Bxe7 Nxe7 12. Qxg4 O-O 13. f4 c5 14. dxc5
dxc5 15. f5 Re8 16. f6 Nd5+ 17. Be2 Rd8 18. Qxg7# 1-0

[Event "Michigan Young Junior Reserve K-8 U800"]
[Site "East Grand Rapids, MI"]
[Date "2001.03.18"]
[Round "2"]
[White "Gurski, Erin"]
[Black "Ebenhoeh, Brandon"]
[Result "1-0"]
[WhiteElo "645"]
[BlackElo "474"]
[PlyCount "31"]
[EventDate "2001.03.18"]

1. e4 e6 2. d4 e5 3. dxe5 Bc5 4. Nf3 g5 5. Bxg5 f6 6. exf6 h6 7. f7+ Kf8 8.
Bxd8 Bb4+ 9. c3 Nc6 10. fxg8=Q+ Rxg8 11. Bxc7 Bc5 12. Bc4 Rg7 13. O-O d6 14.
Bxd6+ Bxd6 15. Qxd6+ Ne7 16. Qd8# 1-0

[Event "Michigan Young Junior Reserve K-8 U800"]
[Site "East Grand Rapids, MI"]
[Date "2001.03.18"]
[Round "3"]
[White "Burton, Michael"]
[Black "Gurski, Erin"]
[Result "0-1"]
[WhiteElo "931"]
[BlackElo "645"]
[PlyCount "106"]
[EventDate "2001.03.18"]

1. e4 e5 2. Nf3 Nc6 3. d4 exd4 4. Nxd4 Bc5 5. Nxc6 dxc6 6. Qxd8+ Kxd8 7. Be3
Bxe3 8. fxe3 Nf6 9. e5 Ng4 10. Be2 Nxe3 11. Bd3 Bg4 12. h3 Bh5 13. Kd2 Nd5 14.
Bc4 Nb6 15. Bb3 Re8 16. Re1 Nd7 17. e6 fxe6 18. Bxe6 Nc5 19. Re5 Nxe6 20. Rxh5
Nd4 21. Nc3 h6 22. Rh4 c5 23. Rh5 b6 24. Rd5+ Ke7 25. Ne4 Kf8 26. Kd3 Re7 27.
c3 Nc6 28. Rf1+ Kg8 29. b4 cxb4 30. cxb4 Nxb4+ 31. Kd4 Nxd5 32. Kxd5 Rd8+ 33.
Nd6 Rxd6+ 34. Kc4 Re5 35. Rb1 Rc5+ 36. Kb3 Rd2 37. Rb2 Rxb2+ 38. Kxb2 Rc4 39.
Kb3 b5 40. a3 a5 41. g4 a4+ 42. Ka2 b4 43. h4 bxa3 44. Kxa3 g5 45. hxg5 hxg5
46. Ka2 Rb4 47. Ka3 Rb8 48. Kxa4 c5 49. Ka5 c4 50. Ka4 c3 51. Ka3 c2 52. Ka2
c1=R 53. Ka3 Ra1# 0-1

[Event "April Fool's Mini-Swiss.1"]
[Site "Flint, MI"]
[Date "2001.04.01"]
[Round "2.1"]
[White "Skidmore, Mike"]
[Black "Aldrich, Jeff"]
[Result "1-0"]
[WhiteElo "1816"]
[BlackElo "1934"]
[PlyCount "43"]
[EventDate "2001.04.01"]

1. e4 c6 2. d4 d5 3. exd5 cxd5 4. Nf3 Nc6 5. c3 Qc7 6. Bb5 a6 7. Ba4 Bg4 8. O-O
e6 9. Re1 Be7 10. h3 Bh5 11. Nbd2 Nf6 12. Nf1 Ne4 13. Bc2 f5 14. Ng3 Bf7 15.
Nxe4 dxe4 16. Ng5 Bd6 17. Nxf7 Qxf7 18. f3 O-O 19. fxe4 fxe4 20. Qe2 Bg3 21.
Rd1 e5 22. Bb3 1-0

[Event "April Fool's Mini-Swiss.1"]
[Site "Flint, MI"]
[Date "2001.04.01"]
[Round "3.2"]
[White "Aldrich, Jeff"]
[Black "Mose, Greg"]
[Result "1-0"]
[WhiteElo "1934"]
[BlackElo "1514"]
[PlyCount "72"]
[EventDate "2001.04.01"]

1. d4 d5 2. c4 c6 3. Nf3 Nf6 4. Nc3 e6 5. Bg5 Be7 6. e3 Nbd7 7. Qc2 a6 8. a3 b5
9. c5 a5 10. Bd3 Bb7 11. O-O O-O 12. b4 Re8 13. e4 dxe4 14. Bxe4 Nxe4 15. Bxe7
Qxe7 16. Nxe4 Red8 17. Nd6 Ba6 18. Rfe1 f6 19. Qb3 Nf8 20. Nh4 g6 21. f4 f5 22.
Nf3 Bb7 23. Ng5 Rxd6 24. cxd6 Qxd6 25. Nxe6 Nxe6 26. Qxe6+ Qxe6 27. Rxe6 axb4
28. Re7 Ra7 29. Kf2 bxa3 30. Ke1 b4 31. Re3 Ba6 32. Rb3 Rb7 33. Kd2 Bc4 34.
Raxa3 bxa3 35. Rxb7 a2 36. Ra7 Bd5 $138 1-0